000 00551cam a2200205ua 4500
020 _c140.00
041 _aeng
_h
082 _a333.76
_bABR/TE
100 _aAbrol, I P .
245 _aTechnologies for wasteland development /
_cI P Abrol.
_hTextual Documents
260 _aNew Delhi :
_bIndian Council for Agricultural Research ,
_c1998.
300 _a401 ; .
365 _a140.00
500 _a20493-96 Reference
504 _a
700 1 _aDhruva Narayana, V V .
942 _cBK
999 _c10470
_d10470